Written ministerial statement on marine conservation zones (Record no. 112988)

MARC details
000 -LEADER
fixed length control field 01095cad a22001935a 4500
001 - CONTROL NUMBER
control field L154437
008 - FIXED-LENGTH DATA ELEMENTS--GENERAL INFORMATION
fixed length control field 111130s2011 xxk f 000 0 eng d
035 ## - SYSTEM CONTROL NUMBER
System control number (Sirsi) u154437
041 0# - LANGUAGE CODE
Language code of text/sound track or separate title eng
110 2# - MAIN ENTRY--CORPORATE NAME
Corporate name or jurisdiction name as entry element United Kingdom
Subordinate unit Department for Environment, Food and Rural Affairs
245 00 - TITLE STATEMENT
Title Written ministerial statement on marine conservation zones
Medium [electronic resource]
260 ## - PUBLICATION, DISTRIBUTION, ETC.
Place of publication, distribution, etc. London
Name of publisher, distributor, etc. DEFRA
Date of publication, distribution, etc. 2011
520 ## - SUMMARY, ETC.
Summary, etc. A network of national protected areas in British seas is being created as part of the government's commitment to implement in full the provisions of the Marine and Coastal Access Act. In English waters the network will comprise European Marine Sites, Sites of Special Scientific Interest and sites designated under the Ramsar Convention and Marine Conservation Zones.
590 ## - LOCAL NOTE (RLIN)
Local note KA
651 #4 - SUBJECT ADDED ENTRY--GEOGRAPHIC NAME
Geographic name United Kingdom
Chronological subdivision
690 ## - LOCAL SUBJECT ADDED ENTRY--TOPICAL TERM (OCLC, RLIN)
Topical term or geographic name as entry element PROPERTY-RURAL AND NATURAL ASSETS-RURAL AND NATURAL ASSET MANAGEMENT-COASTAL MANAGEMENT
856 40 - ELECTRONIC LOCATION AND ACCESS
Uniform Resource Identifier <a href="https://www.defra.gov.uk/news/2011/11/15/wms-marine-conservation-zones/">https://www.defra.gov.uk/news/2011/11/15/wms-marine-conservation-zones/</a>
Public note View the item free of charge at www.defra.gov.uk
942 ## - ADDED ENTRY ELEMENTS (KOHA)
Suppress in OPAC 0
Holdings
Withdrawn status Lost status Source of classification or shelving scheme Damaged status Not for loan Home library Current library Shelving location Date acquired Total Checkouts Full call number Barcode Date last seen Copy number Price effective from Koha item type
    Dewey Decimal Classification     Virtual Virtual Online 30/11/2011   ONLINE PUBLICATION 154437-2001 06/08/2019 1 06/08/2019 Book